Zaokrouhlování výsledků v analytické chemii + CD-ROM

Gespeichert in:
Bibliographische Detailangaben
1. Verfasser: Ševčík, Jiří G.K
Format: Buch
Sprache:Tschechisch
Veröffentlicht: Praha Ševčík, J.G.K.-Consultancy 2002
Schlagworte:
Online-Zugang:Im OPAC anzeigen
Tags: Tag hinzufügen
Keine Tags, Fügen Sie das erste Tag hinzu!

MARC

LEADER 00000nam a2200000 a 4500
005 20260127134051.0
008 060425 2002 xr 000 0 cze d
020 |a 8090310303 
035 |a vtls008695435 
039 9 |y 200604251025  |z mschk03 
040 |a STUSCHK1  |b slo  |c STUSCHK1  |e AACR2 
080 |a 543 
100 1 |a Ševčík, Jiří G.K. 
245 1 |a Zaokrouhlování výsledků v analytické chemii  |b + CD-ROM 
260 |a Praha  |b Ševčík, J.G.K.-Consultancy  |c 2002 
300 |a 37 s. 
650 0 |a analytická chémia  
910 |a SCHK95 
919 |a 80-903103-0-3 
999 |c 3308  |d 3308